000 00311nam a2200133Ia 4500
008 230901s2011 xx 000 0 und d
041 _aeng
082 _a362/DAV
100 _aDAVIS
245 _aLEARNING SKILLS FOR NURSING STUDENTS .
260 _c2011
300 _a220
650 _aNURSING ADMINISTRATION
999 _c866609
_d866609